The Merck index : an encyclopedia of chemicals, drugs, and biologicals (Record no. 8646)
[ view plain ]
| 000 -LEADER | |
|---|---|
| fixed length control field | 00437nam a22001577a 4500 |
| 003 - CONTROL NUMBER IDENTIFIER | |
| control field | OSt |
| 008 - FIXED-LENGTH DATA ELEMENTS--GENERAL INFORMATION | |
| fixed length control field | 200604b ||||| |||| 00| 0 eng d |
| 020 ## - INTERNATIONAL STANDARD BOOK NUMBER | |
| International Standard Book Number | 0911910131 9780911910131 |
| 100 ## - MAIN ENTRY--PERSONAL NAME | |
| Personal name | Maryadele J O'Neil |
| 245 ## - TITLE STATEMENT | |
| Title | The Merck index : an encyclopedia of chemicals, drugs, and biologicals |
| 250 ## - EDITION STATEMENT | |
| Edition statement | 15th |
| 260 ## - PUBLICATION, DISTRIBUTION, ETC. (IMPRINT) | |
| Place of publication, distribution, etc | New Delhi |
| Name of publisher, distributor, etc | RSC |
| Date of publication, distribution, etc | 2013 |
| 300 ## - PHYSICAL DESCRIPTION | |
| Extent | 10398 + IN 387 |
| 650 ## - SUBJECT ADDED ENTRY--TOPICAL TERM | |
| Topical term or geographic name as entry element | Pharmacy General Books |
| 942 ## - ADDED ENTRY ELEMENTS (KOHA) | |
| Source of classification or shelving scheme | Dewey Decimal Classification |
| Koha item type | Text Books |
| Withdrawn status | Lost status | Source of classification or shelving scheme | Damaged status | Not for loan | Collection code | Home library | Current library | Date acquired | Source of acquisition | Currency | Cost, normal purchase price | Bill Number | Total Checkouts | Full call number | Acc. no. / Barcode | Date last seen | Actual Cost, discounted price | Bill Date | Koha item type |
|---|---|---|---|---|---|---|---|---|---|---|---|---|---|---|---|---|---|---|---|
| Dewey Decimal Classification | B.Pharma | PIET C-LIBRARY | PIET C-LIBRARY | 08/01/2020 | Kirti Praskshan | IN Rupees | 9739.00 | IN5984 | 615.103 NET | BP521 | 04/06/2020 | 7304.27 | 08/01/2020 | Reference Books |